Normal view
MARC view
- الفقه الإسلامي
Entry Topical Term
001 - CONTROL NUMBER
- control field: 48453
003 - CONTROL NUMBER IDENTIFIER
- control field: JO-AjAnu
005 - DATE AND TIME OF LATEST TRANSACTION
- control field: 20230606082006.0
008 - FIXED-LENGTH DATA ELEMENTS
- fixed length control field: 230606|| aca||aabn | a|a d
040 ## - CATALOGING SOURCE
- Original cataloging agency: JO-AjAnu
- Transcribing agency: JO-AjAnu
150 ## - HEADING--TOPICAL TERM
- Topical term or geographic name entry element: الفقه الإسلامي
670 ## - SOURCE DATA FOUND
- Source citation: Work cat.: (JO-AjAnu)24788: الزرقا ، مصطفى احمد , author 48452, المدخل الفقهي العام إخراج جديد بتطوير في الترتيب والتبويب وزيادات، الجزء الاول